| Tag |
First Indicator |
Second Indicator |
Subfields |
| LEADER |
00000cam a2200000 i 4500 |
| 001 |
in00004635688 |
| 006 |
m o d |
| 007 |
cr cnu---unuuu |
| 008 |
211214s2021 enk ob 001 0 ita d |
| 005 |
20230103223524.7 |
| 035 |
|
|
|a (OCoLC)on1288454169
|
| 040 |
|
|
|a JSTOR
|b eng
|e rda
|e pn
|c JSTOR
|d LUN
|d OCLCF
|d OCLCO
|d OCLCQ
|d OCLCO
|
| 019 |
|
|
|a 1291032150
|a 1291213395
|
| 020 |
|
|
|a 9781800081499
|q (electronic bk.)
|
| 020 |
|
|
|a 1800081499
|q (electronic bk.)
|
| 035 |
|
|
|a (OCoLC)1288454169
|z (OCoLC)1291032150
|z (OCoLC)1291213395
|
| 037 |
|
|
|a 22573/ctv1z90ttx
|b JSTOR
|
| 041 |
1 |
|
|a ita
|h eng
|
| 050 |
|
4 |
|a HE9713
|
| 082 |
0 |
4 |
|a 303.4834
|2 23
|
| 049 |
|
|
|a TXAM
|
| 100 |
1 |
|
|a Miller, Daniel,
|e author.
|
| 240 |
1 |
0 |
|a Global smartphone.
|l Italian
|
| 245 |
1 |
3 |
|a Lo smartphone globale :
|b non solo una tecnologia per giovani /
|c Daniel Miller [and ten others] ; traduzione di Laura Liucci.
|
| 264 |
|
1 |
|a London :
|b UCL Press,
|c 2021.
|
| 300 |
|
|
|a 1 online resource
|
| 336 |
|
|
|a text
|b txt
|2 rdacontent
|
| 337 |
|
|
|a computer
|b c
|2 rdamedia
|
| 338 |
|
|
|a online resource
|b cr
|2 rdacarrier
|
| 490 |
1 |
|
|a Ageing with smartphones
|
| 504 |
|
|
|a Includes bibliographical references and index.
|
| 588 |
0 |
|
|a PDF (JSTOR, viewed December 14, 2021).
|
| 505 |
0 |
|
|a Quello che le persone dicono degli smartphone -- Lo smartphone in contesto -- Dalle app alla vita di tutti i giorni -- Opportunismo perpetuo -- Crafting: una forma di artigianato -- L'età e gli smartphone -- Il cuore dello smartphone: LINE, WeChat e WhatsApp -- Riflessioni generali e teoretiche.
|
| 650 |
|
0 |
|a Smartphones
|x Social aspects.
|
| 650 |
|
0 |
|a Computers and older people.
|
| 650 |
|
6 |
|a Téléphones intelligents
|x Aspect social.
|
| 650 |
|
6 |
|a Ordinateurs et personnes âgées.
|
| 650 |
|
7 |
|a Computers and older people.
|2 fast
|0 (OCoLC)fst01199788
|
| 655 |
|
7 |
|a Electronic books.
|2 local
|
| 700 |
1 |
|
|a Liucci, Laura,
|e translator.
|
| 710 |
2 |
|
|a JSTOR (Organization)
|
| 830 |
|
0 |
|a Ageing with smartphones.
|
| 856 |
4 |
0 |
|u https://www.jstor.org/stable/10.2307/j.ctv1z9n1st
|z Connect to the full text of this electronic book
|t 0
|
| 955 |
|
|
|a JSTOR Open Access ebooks
|
| 994 |
|
|
|a 92
|b TXA
|
| 999 |
f |
f |
|s c2eae643-dc88-472a-b5dd-51ca0cad4421
|i 40bf48e5-7e9a-4757-873e-61daf1eb8352
|t 0
|
| 952 |
f |
f |
|a Texas A&M University
|b College Station
|c Electronic Resources
|d Available Online
|t 0
|e HE9713
|h Library of Congress classification
|
| 998 |
f |
f |
|a HE9713
|t 0
|l Available Online
|